Ghost Rider Characters By Picture Quiz Stats

Quiz not verified by Sporcle

Challenge
Share
Tweet
Score 0/35 Timer 10:00
0 Plays Today
% Correct
Ghost Rider II (Johnny Blaze)
98.9%
Ghost Rider IV (Robbie Reyes)
90.6%
Ghost Rider III (Danny Ketch)
89.8%
Ghost Rider (Noble Kale)
84.6%
Phantom rider/Ghost Rider (Carter Slade)
79.5%
Mephisto
76.6%
Jack O'Lantern
71.9%
Scarecrow
71.3%
Dormammu
62.6%
Nightmare
59%
Blackheart
57.9%
Kenshiro 'Zero' Cochrane
54.3%
The Champions
32.3%
Zarathos
31.6%
Vengeance
29.6%
Blackout
29%
Orb
28.1%
Lucifer
26.7%
% Correct
Midnight Sons
23.4%
Madcap
20.7%
Deathwatch
18.5%
Roxanne Simpson
18.3%
Lilith
17.6%
Caretaker
14.3%
Aqueduct
12.7%
The Deacon
11.8%
Zadkiel
11.6%
Steel Wind
10.2%
Centurious
9.6%
Hag and Troll
8.5%
Kid Blackheart
8%
Steel Vengeance
7.8%
Stacy Dolan
7.8%
Sister Sara
7.1%
Jack D'Auria
5.6%

You're not logged in!

Compare scores with friends on all Sporcle quizzes.
Sign Up with Email
OR
Log In

You Might Also Like...

Show Comments

Extras

Top Quizzes Today


Score Distribution

Your Account Isn't Verified!

In order to create a playlist on Sporcle, you need to verify the email address you used during registration. Go to your Sporcle Settings to finish the process.